BHZ Lines - Statistiken

Allgemein
  • Dieses Quiz wurde 76 mal gespielt
  • Das Durchschnittsergebnis liegt bei 5 aus 13
Antwortstatistiken
Line Song % Korrekt
lungern auf Straße, aber wir sind keine Gangster Flasche Luft
85%
misch´ San Pelligrino mit dem Weißwein San Pelligrino
68%
hab´deiner Mama ein´Joint gebaut, weil sie sagt ich sehe sehr freundlich aus Loud
55%
shawty high auf ´ner Bean und sie tanzt, ganze Nacht Drink Ist Kalt
53%
und ich häng an der Church jeden Tag, kann nicht pennen doch ich träum´von ner Crib am Meer, ja Church
43%
ich will am Meer sein, ich will noch mehr sein, ich will ein´Stern haben, ich will ein Stern sein Milka
37%
zwei Uhr und ich hol´mir noch ein´Wein, meine Hände, sie sind kalt und sie schreibt mir: "komm vorbei" Hoodnights
35%
beste Kush, dann probier mein Gift, ah, ich seh´keine Crowd bei dein´n Gigs Cripwalks
28%
in der Booth, es ist Catch and Shoot, Gold 18K, wend´euch die Necklace zu Catch And Shoot
25%
moonlight, ja, ich sipp´slow, one night baby let´s go Heartkold
18%
Liebe vergeht, doch du kannst mit ihr geh´n, hab´ mein´n Kopf kaputt gemacht, ja, damals schon mit 14 So Hoch
18%
mit dir (ah) im Arm, drugged up (ah) kein Schlaf Halb Vier Interlude
13%
die Felgen glitzern silbern, weiße Air Force auf Pedal Order Nach
10%
Keine übereinstimmenden Quizze gefunden
Verteilung der Resultate
Anzahl Personen mit jedem Resultat
Perzentil nach korrekt beantworteten Fragen
Ihre Resultats-Entwicklung
Sie haben dieses Quiz noch nicht gespielt